Estudios para la implementación de sistemas de parquímetros en municipalidades en Costa Rica
সংরক্ষণ করুন:
| প্রধান লেখক: | |
|---|---|
| অন্যান্য লেখক: | |
| বিন্যাস: | গ্রন্থ |
| ভাষা: | Spanish |
| প্রকাশিত: |
[San José], Costa Rica
2022
|
| বিষয়গুলি: | |
| ট্যাগগুলো: |
ট্যাগ যুক্ত করুন
কোনো ট্যাগ নেই, প্রথমজন হিসাবে ট্যাগ করুন!
|
MARC
| LEADER | 00000nam a2200000Ia 4500 | ||
|---|---|---|---|
| 003 | 013447 | ||
| 005 | 20230330090915.0 | ||
| 008 | 140116s2022 cr a 000 ||spa d | ||
| 040 | |c cru CEDI | ||
| 100 | |a Castillo Chango, Ignacio, 1989 |9 219 | ||
| 245 | |a Estudios para la implementación de sistemas de parquímetros en municipalidades en Costa Rica | ||
| 260 | |a [San José], Costa Rica |c 2022 | ||
| 500 | |a Proyecto de graduación (licenciatura en ingeniería civil)--Universidad de Costa Rica. Facultad de Ingeniería. Escuela de Ingeniería Civil. | ||
| 501 | |a Director de Proyecto de Graduación: Ing. José David Rodríguez Morera | ||
| 650 | |x PARQUIMETROS - ANALISIS DE COSTOS |x INGENIERÍA DEL TRÁNSITO |x ESTUDIOS DE FACTIBILIDAD |x PARQUIMETROS |x PARQUIMETROS - COSTA RICA |x ANALISIS FINANCIERO |x ESTACIONAMIENTO DE AUTOMOVILES |x PARQUIMETROS - ASPECTOS LEGALES - COSTA RICA |x MUNICIPALIDADES - GOBIERNO Y ADMINISTRACION - COSTA RICA | ||
| 700 | |9 221 |a Rodríguez Morera, José David, 1984 |d Director del TFG | ||
| 942 | |c CEDI |h TFG 8598 |6 TFG_8598_000000000000000 | ||
| 999 | |c 21949 |d 21949 | ||
